| 000 | 01284nam a2200337 a 4500 | ||
|---|---|---|---|
| 001 | 000009116 | ||
| 003 | DO-SdBNP | ||
| 005 | 20240412074209.0 | ||
| 008 | 090928s1957 dr a 000 p spa d | ||
| 040 |
_aDO-SdBNP _bspa _cBNPHU |
||
| 082 |
_aRD861.44 _bT834 |
||
| 245 | 0 | 0 |
_aTrio / _cprólogo de Pedro Rene Contin Aybar. |
| 260 |
_aCiudad Trujillo, República Dominicana : _bArte y Cine, _c1957. |
||
| 300 |
_a71 p. : _bil. ; _c23 cm. |
||
| 490 | 1 | _aEl silbo vulnerable | |
| 505 | 0 |
_tContiene : Aura de soledad / _rMaximo Aviles Blonda; _tEl aire que telleva / _rLupo Hernandez Rueda; _tLa luz descalza / _rRafael Valera Benitez. |
|
| 563 | _aTres obras publicadas juntas con paginación contínua | ||
| 590 | _aInventariado, 2019/LP | ||
| 650 | 0 |
_aPoesía dominicana _966 |
|
| 650 | 0 |
_aLiteratura dominicana. _967 |
|
| 700 | 1 | 2 |
_aContín Aybar, Pedro René, _eprol. _923772 |
| 700 | 1 | 2 |
_aAviles Blonda, Maximo. _tAura de soledad. _923773 |
| 700 | 1 | 2 |
_aHernandez Rueda, Lupo. _tEl aire que te lleva. _923774 |
| 700 | 1 | 2 |
_aValera Benitez, Rafael. _tLa luz descalza.. _923775 |
| 740 | 0 | 2 | _aAura de soledad |
| 740 | 0 | 2 | _aEl aire que te lleva |
| 740 | 0 | 2 | _aLa luz descalza |
| 830 | 0 |
_aEl silbo vulnerable _923776 |
|
| 910 | _aValidado. Control de calidad MFF | ||
| 942 |
_2ddc _cLBS1 |
||
| 999 |
_c8880 _d8880 |
||